| 000 | 00653nam a2200253Ia 4500 | ||
|---|---|---|---|
| 008 | 160901s9999 xx 000 0 und d | ||
| 020 | _a981-4119-86-5 | ||
| 050 | _aComSc QA 76.625 | ||
| 050 | _b.D45 2002 | ||
| 100 | _aDeitel, H.M. | ||
| 245 | _aInternet & World Wide Web : | ||
| 245 | _bhow to program / | ||
| 245 | _cH. M. Deitel, P. J. Deitel, T. R. Nieto. | ||
| 250 | _a2nd Edition | ||
| 260 | _aNew Jersey : | ||
| 260 | _bPrentice-Hall Inc., | ||
| 260 | _c2002 | ||
| 300 | _a1428 pages : | ||
| 300 | _bill. ; | ||
| 300 | _c23 cm. | ||
| 500 | _aIncludes index. | ||
| 650 | _aInternet programming. | ||
| 650 | _xWorld Wide Web. | ||
| 999 |
_c300828 _d300828 |
||